Obálka Náhled e-knihy:
PDF Epub
Pro půjčování e-knih musíte být přihlášeni.
Jak si půjčit online?

Zlomená země. Svazek druhý, Brána z obelisků /

Pokračování výjimečné fantasy dystopie z daleké budoucnosti Země. Každý díl této trilogie získal cenu Hugo.

Uloženo v:
Série:Zlomená země, část 2
Hlavní autor: Jemisin, N. K., 1972- (Autor)
Další autoři: Tilcer, Roman, 1987- (Autor)
Médium: E-kniha
Jazyk:Czech
Vydáno: Brno : Host, 2019
Vydání:První vydání
Témata:
Příbuzné jednotky:Z cyklu:: Zlomená země
Tagy:
Žádné tagy
LEADER 02661nam a2200445 i 4500
001 311089
003 CZ PrSKC
005 20260601215659.0
007 ta
008 190912s2019 xr g 000 f cze
015 |a cnb003132959 
020 |a 9788075779816  |q (vázáno) 
035 |a (OCoLC)1127282367 
040 |a ABG001  |b cze  |e rda 
041 1 |a cze  |h eng 
072 7 |a 821.111(73)-3  |x Americká próza  |2 Konspekt 
080 |a 821.111(73)-31  |2 MRF 
080 |a (0:82-312.9)  |2 MRF 
100 1 |a Jemisin, N. K.,  |d 1972-  |7 xx0169839  |4 aut 
240 1 0 |a Obelisk gate.  |l Česky 
245 1 0 |a Zlomená země.  |n Svazek druhý,  |p Brána z obelisků /  |c N.K. Jemisinová ; z anglického originálu The obelisk gate ... přeložil Roman Tilcer 
246 3 0 |a Brána z obelisků 
250 |a První vydání 
264 1 |a Brno :  |b Host,  |c 2019 
300 |a 382 stran ;  |c 21 cm 
336 |a text  |b txt  |2 rdacontent 
337 |a bez média  |b n  |2 rdamedia 
338 |a svazek  |b nc  |2 rdacarrier 
520 2 |a Pokračování výjimečné fantasy dystopie z daleké budoucnosti Země. Každý díl této trilogie získal cenu Hugo.  |b Essun se musí načas vzdát pátrání po dceři a stát se součástí podzemního spolu, kde lidé a orogéni žijí v křehkém příměří. Tuší ale, že je to dočasné a že to - jako všude jinde a tolikrát předtím - skončí tragicky. Moc orogénů, jíž by se také mohlo říkat magie, vyvolává u lidí strach a nenávist. Essunina ztracená dcera Nassun se v tomto pokřiveném světě snadno může stát právě takovým monstrem, jakého se všichni bojí. Začalo období a lidstvo se připravuje na další zoufalý boj o přežití. Tentokrát není naděje, že by období skončilo dříve než za deset tisíc let. Nebo naopak je naděje, že by období mohla skončit úplně, s pomocí Alabastra, Essun a brány z obelisků. 
655 7 |a americké romány  |7 fd131796  |2 czenas 
655 7 |a fantasy romány  |7 fd184199  |2 czenas 
655 9 |a American fiction  |2 eczenas 
655 9 |a fantasy novels  |2 eczenas 
700 1 |a Tilcer, Roman,  |d 1987-  |7 xx0095591  |4 trl 
787 0 8 |i Z cyklu:  |t Zlomená země  |g 2 
900 |a ABA001  |b 20 
044 |a xr 
910 |a RBIT002 
998 |d 201635  |a https://core.palmknihy.cz/api/books/201635/cover?py4m7q  |b https://core.palmknihy.cz/api/books/201635/cover/400?py4m7q  |c https://core.palmknihy.cz/api/books/201635/cover/50?py4m7q  |e 2027-11-01  |g 384  |i 9788075779816  |j https://core.palmknihy.cz/api/books/201635/preview.epub  |k https://core.palmknihy.cz/api/books/201635/preview.pdf  |l   |q 49  |r 1  |s https://www.palmknihy.cz/kniha/201635  |t ebook  |y 2019  |z 0  |v Zlomená země  |w 2 
999 |d 311087